| 000 | 00678nam a2200217Ia 4500 | ||
|---|---|---|---|
| 001 | 16763 | ||
| 003 | GE_BSU | ||
| 008 | 181216s||||||||xx |||||||||||||| ||und|| | ||
| 040 | _cGE_BSU | ||
| 080 | _a821.353.1-32 | ||
| 100 | _aავალიანი, ლადო | ||
| 245 | _aნოველები | ||
| 245 | _cრედ.გ.ნატროშვილი | ||
| 260 | _aთბილისი | ||
| 260 | _bსაბჭოთა მწერალი | ||
| 260 | _c1947 | ||
| 300 | _a106გვ. ; 22სმ. | ||
| 653 | _aნოველები | ||
| 653 | _aსიდუ, კავალერი, დალის დალალელები... | ||
| 942 | _cBK | ||
| 999 |
_c49828 _d49828 |
||